| 000 | 00894cam a22002411 4500 | ||
|---|---|---|---|
| 001 | hew68000065 | ||
| 003 | DLC | ||
| 005 | 20260227111517.0 | ||
| 008 | 730727s1968 dcua 000 0 eng | ||
| 010 | _ahew68000065 //r95 | ||
| 040 |
_aDLC _cDLC _dDLC |
||
| 050 | 0 | 0 |
_aL112 _b.N39 |
| 082 | 0 | 0 | _a378.1/96/0202 |
| 110 | 1 | 0 |
_aUnited States. _bNational Center for Educational Statistics. _bHigher Education Studies Branch. |
| 245 | 1 | 0 |
_aHigher education facilities classification and inventory procedures manual. _cNicholas A. Osso, editor. Charles T. Roberts, project coordinator. |
| 260 | 0 |
_a[Washington] _bU.S. Office of Education; [for sale by the Supt. of Docs., U.S. Govt. Print. Off., _c1968] |
|
| 300 |
_aviii, 102 p. _billus. _c27 cm. |
||
| 350 | _a1.50 | ||
| 500 | _a"OE 51016." | ||
| 650 | 0 | _aCollege facilities. | |
| 650 | 0 | _aCollege buildings. | |
| 700 | 1 | 0 |
_aOsso, Nicholas A., _eed. |
| 999 |
_c34779 _d34779 |
||